Bundesliga Trivia Quiz - Statistiken

Allgemein
  • Dieses Quiz wurde 27.023 mal gespielt
  • Das Durchschnittsergebnis liegt bei 18 aus 30
Antwortstatistiken
Frage Antwort % Korrekt
Wie viele Mannschaften spielen in der Bundesliga? 18
99%
Welcher Verein ist mit 34 Meisterschalen Rekordmeister? FC Bayern München
94%
Welcher Verein war bis zu seinem Abstieg 2018 als "Dino der Liga" bekannt? Hamburger SV
90%
Wer ist Bundesliga-Rekordtorschütze? Gerd Müller
88%
Um welche Uhrzeit beginnen traditionellerweise die Samstagsspiele? 15:30 Uhr
82%
Welcher Spieler hat mit 12 Titeln die meisten Meisterschalen geholt? Thomas Müller
81%
Wer ist ausländischer Bundesliga-Rekordtorschütze? Robert Lewandowski
80%
Welche Stadt (bzw. deren Keller) steht metonymisch für den Video Assistent Referee? Köln
77%
Welcher Spieler ging als "Der Kaiser" in die Geschichte ein? Franz Beckenbauer
73%
Welcher Verein verlor auf dramatische Weise den Meistertitel in den letzten Sekunden der Spielzeit 2000/2001? FC Schalke 04
70%
Welcher Verein wird umgangssprachlich auch die Zebras genannt? MSV Duisburg
69%
Wie heißt das Bundesliga-Stadion mit dem größten Fassungsvermögen? Westfalenstadion (Signal Iduna Park)
69%
Auf welche Saison hin wurde die Bundesliga eingeführt? 1963/64
68%
Welcher Verein wird umgangssprachlich auch der Club genannt? 1. FC Nürnberg
68%
Welchem Verein gelang als einzigem das Kunststück, als Aufsteiger Meister zu werden? 1. FC Kaiserslautern
66%
Wie hieß der erste Bundesliga-Meister? 1. FC Köln
65%
Werder Bremen vs. Hamburger SV {Nord}derby
63%
Welche Vorschrift verhindert die Übernahme der Stimmenmehrheit durch Kapitalanleger? 50+1
60%
Vervollständigen Sie diese Zitate Mailand oder {Madrid} - Hauptsache Italien!
57%
Borussia Mönchengladbach erzielte am 29. April 1978 den höchsten Bundesliga-Sieg aller Zeiten. Wie lautete das Endergebnis? 12:0
54%
Dieser brasilianische Kugelblitz wurde 2004 Meister und anschließend als erster Ausländer zu Deutschlands Fußballer des Jahres gewählt Aílton
54%
Borussia Dortmund vs. FC Schalke 04 {Revier}derby
48%
Welche Mannschaft hat als 'schlechtestes Team der Bundesliga' Kult-Status erlangt? Tasmania Berlin
48%
Welches ist die größte deutsche Stadt, die nie ein Bundesliga-Team stellte? (Hinweis: Rhein) Bonn
40%
Vervollständigen Sie diese Zitate Diese Spieler waren schwach wie eine {Flasche} {leer}
37%
Vervollständigen Sie diese Zitate Wir dürfen jetzt nicht den {Sand} in den {Kopf} stecken
35%
Bochum und Wolfsburg haben beide VfL als Namensbestandteil. Wofür steht VfL? Verein für Leibesübungen
30%
Was war das Pendant zur Bundesliga in der DDR? DDR-Oberliga
27%
Wer ist mit 602 Einsätzen Bundesliga-Rekordspieler? Karl-Heinz Körbel
22%
Welcher Trainer hat mit 8 Titeln die meisten Meisterschalen geholt? Udo Lattek
20%
Keine übereinstimmenden Quizze gefunden
Verteilung der Resultate
Anzahl Personen mit jedem Resultat
Perzentil nach korrekt beantworteten Fragen
Ihre Resultats-Entwicklung
Sie haben dieses Quiz noch nicht gespielt